Napoleón y su tiempo (Record no. 162008)

MARC details
000 -LEADER
campo de control de longitud fija 00777nam a2200205 i 4500
001 - NÚMERO DE CONTROL
campo de control 162008
003 - IDENTIFICADOR DE NÚMERO DE CONTROL
campo de control ES-MaACL
005 - FECHA Y HORA DE LA ÚLTIMA TRANSACCIÓN
campo de control 20250829081141.0
008 - DATOS DE LONGITUD FIJA--INFORMACIÓN GENERAL
campo de control de longitud fija 050721q19001901sp af |||| |bspa d
040 ## - FUENTE DE CATALOGACIÓN
Centro catalogador/agencia de origen CAM
Lengua de catalogación spa
Centro/agencia transcriptor CAM
100 1# - ENTRADA PRINCIPAL--NOMBRE DE PERSONA
Nombre de persona Peyre, Roger.
9 (RLIN) 131081
245 10 - MENCIÓN DEL TÍTULO
Título Napoleón y su tiempo
Resto del título : Bonaparte /
Mención de responsabilidad, etc. Roger Peyre ; traducida al español por Federico Schwartz.
260 ## - PUBLICACIÓN, DISTRIBUCIÓN, ETC.
Lugar de publicación, distribución, etc. Barcelona :
Nombre del editor, distribuidor, etc. Salvat e Hijo,
Fecha de publicación, distribución, etc. [h. 1900]
300 ## - DESCRIPCIÓN FÍSICA
Extensión 547 p., [16] h. lám. :
Otras características físicas il. ;
Dimensiones 31 cm.
600 04 - PUNTO DE ACCESO ADICIONAL DE MATERIA--NOMBRE DE PERSONA
Nombre de persona Napoleón
Numeración I
Títulos y otros términos asociados al nombre , Emperador de Francia.
9 (RLIN) 84910
700 1# - ENTRADA AGREGADA--NOMBRE PERSONAL
Nombre de persona Schwartz, Federico.
9 (RLIN) 132578
710 2# - ENTRADA AGREGADA--NOMBRE DE ENTIDAD CORPORATIVA
Nombre de entidad corporativa o nombre de jurisdicción como elemento de entrada Salvat Editores
9 (RLIN) 134836
852 ## - LOCALIZACIÓN
Ubicación ES-MaACL
Número de control de estantería F-3565
Nota libre - Enc. ed. en tela con hierros dorados
-- . - An. ms.: "Donativo del Sr. Salvat, 1901"
Holdings
Estatus retirado Estado de pérdida Estado de daño No para préstamo Colección Biblioteca de origen Biblioteca actual Ubicación en estantería Fecha de adquisición Fuente de adquisición Total de préstamos Signatura topográfica completa Código de barras Visto por última vez Precio de reemplazo Tipo de ítem Koha
        Libros del s. XIX Biblioteca del Ateneo de Madrid Biblioteca del Ateneo de Madrid Depósito 2 17/01/2008     F-3565 1169708 23/02/2023 23/02/2023 Libro impreso antiguo